| 000 | 01300cam a2200313 i 4500 | ||
|---|---|---|---|
| 001 | 27194 | ||
| 003 | Mx-PuUPA | ||
| 005 | 20250509153139.0 | ||
| 008 | 140415s1952 mx ab gr 001 0 spa d | ||
| 040 |
_cMx-PuUPA _aMx-PuUPA _bspa _dMx-PuUPA _erda |
||
| 041 | 0 | _aspa | |
| 043 | _an-mx--- | ||
| 100 | 1 |
_aRubín de la Borbolla, Daniel, _d1903-1990 _916792 _eeditor |
|
| 245 | 1 | 0 |
_aMéxico : _bmonumentos históricos y arqueológicos / _cDaniel F. Rubín de la Borbolla |
| 264 | 1 |
_aMéxico, D.F. : _bInstituto Panamericano de Geografía e Historia, _c1952 |
|
| 300 |
_a487 páginas, 2 hojas plegadas en 3 secciones sin numerar : _bilustraciones, fotografías, mapas (principalmente blanco y negro) ; _c31 cm |
||
| 336 |
_2rdacontent _atexto _btxt |
||
| 336 |
_2rdacontent _aimagen fija _bsti |
||
| 337 |
_2rdamedia _asin medio _bn |
||
| 338 |
_2rdacarrier _avolumen _bnc |
||
| 490 | 0 |
_aMonumentos Históricos y Arqueológicos ; _vVII |
|
| 490 | 0 |
_aInstituto Panamericano de Geografía e Historia. Comisión de Historia ; _v43 |
|
| 650 | 7 |
_2armarc _aMonumentos históricos _zMéxico |
|
| 650 | 7 |
_2armarc _aMonumentos arqueológicos _zMéxico |
|
| 942 |
_2ddc _cLI _h725.940972 _iR84 |
||
| 999 |
_c27194 _d27194 |
||